Postavenie samospráv pri rozvoji regiónu

Reforma verejnej správy. Základné princípy samosprávy vyšších územných celkov. Účasť občanov na samospráve vyšších územných celkov. Pôsobnosť vyšších územných celkov. Financovanie a majetok vyšších územných celkov. Rozpočet územného celku.

Na minha lista:
Detalhes bibliográficos
Autor principal: Mrva, Jozef
Formato: Capítulo de Livro
Idioma:eslovaco
Assuntos:
Tags: Adicionar Tag
Sem tags, seja o primeiro a adicionar uma tag!

MARC

LEADER 00000naa a2200000 4500
001 r033874
005 20230825081836.2
041 0 |a slo 
044 |a SK 
245 1 0 |a Postavenie samospráv pri rozvoji regiónu  |c Jozef Mrva 
520 |a Reforma verejnej správy. Základné princípy samosprávy vyšších územných celkov. Účasť občanov na samospráve vyšších územných celkov. Pôsobnosť vyšších územných celkov. Financovanie a majetok vyšších územných celkov. Rozpočet územného celku. 
610 2 0 |a správa verejná 
610 2 0 |a samospráva 
610 2 0 |a regióny 
610 2 0 |a občania 
610 2 0 |a financovanie 
610 2 0 |a majetok 
610 2 0 |a rozpočet štátny 
610 2 0 |a koncepcie 
610 2 0 |a Slovensko 
610 2 0 |a riadenie administratívne 
610 2 0 |a vyššie územné celky 
100 1 |a Mrva, Jozef